000 00260nam a22001097a 4500
082 _a030
_bKNA/S-10
100 _aKNAPP,BRIAN
245 _aSCIENCE IN OUR WORLD: SENSES
260 _aUK
_bATLANTIC EUROPE PUBLISHING
650 _aGENERAL KNOWLEDGE
_zUK
942 _cBK
999 _c2011
_d2011